000 00384nam a2200145Ia 4500
008 240624s9999 xx 000 0 und d
041 _aeng
082 _a658.1 BEN
100 _aBENDANIEL DAVID J
245 _aINTERNATIONAL M A JOINT VENTURES AND BEY
250 _a(2nd ed.)
260 _c2002
_aNew Jersey
_bJohn Wiley & Sons
300 _avii, : 232p. : cm. ; 22
365 _c
_b27
999 _c20642
_d20642